Transfery Man City w letnim okienku transferowym 2020/21. - Statystyki

Ogólne statystyki
  • Ten quiz został rozwiązany 72 razy
    55 od ostatniego zresetowania
  • Średni wynik to 3 z 7
Statystyki odpowiedzi
Cena Pozycja Poprzedni klub Piłkarz % Poprawnych
68,00 mln Środkowy obrońca Benfica Dias
94%
45,30 mln Środkowy obrońca Bournemouth Ake
91%
23,00 mln Prawy napastnik Valencia Torres
70%
6,00 mln Prawy obrońca Coritiba Couto
6%
4,50 mln Prawy obrońca Mechelen Kabore
4%
10,00 mln Środkowy napastnik Juventus U19 Moreno
4%
6,50 mln Środkowy napastnik Talleres Bustos
0%
Nie znaleziono quizów pasujących do podanych kryteriów
Rozkład punktacji
Procent ludzi z każdym wynikiem
Percentyl według liczby udzielonych odpowiedzi
Twoja historia wyników
Nie rozwiązałeś tego quizu od ostatniego zresetowania